[Event "LSS No Engine Cup 80 Preliminary 5"]
[Site "LSS email"]
[Date "2013.01.05"]
[Round "?"]
[White "Dequesnoy, Armand"]
[Black "Vaculik, Jakub"]
[Result "1-0"]
[WhiteElo "1276"]
[BlackElo "859"]
[PlyCount "35"]
[EventDate "2013.01.06"]
[EventType "tourn (corr)"]
[EventRounds "6"]
[EventCountry "GER"]
[SourceTitle "Corr 2015"]
[Source "ChessBase"]
[SourceDate "2015.07.17"]
[SourceVersion "1"]
[SourceVersionDate "2015.07.17"]
[SourceQuality "1"]

1. e4 e5 2. Nf3 d6 3. d4 Nc6 4. Bb5 exd4 5. Qxd4 Bd7 6. Bxc6 Bxc6 7. Nc3 Nf6 8. Bg5 Be7 9. 0-0-0 0-0 10. Rhe1 a6 11. e5 dxe5 12. Qh4 Qc8 13. Nxe5 Re8 14. Qc4 Rf8 15. Nxc6 bxc6 16. Rxe7 Qf5 17. Qf4 Qxf4+ 18. Bxf4 1-0

[Event "LSS No Engine Cup 80 Preliminary 5"]
[Site "LSS email"]
[Date "2013.01.05"]
[Round "?"]
[White "Gudok, Viktor V"]
[Black "Dequesnoy, Armand"]
[Result "0-1"]
[WhiteElo "1802"]
[BlackElo "1276"]
[PlyCount "68"]
[EventDate "2013.01.06"]
[EventType "tourn (corr)"]
[EventRounds "6"]
[EventCountry "GER"]
[SourceTitle "Telechess CBM 159"]
[Source "ChessBase"]
[SourceDate "2014.03.17"]
[SourceVersion "1"]
[SourceVersionDate "2014.03.17"]
[SourceQuality "1"]

1. e4 c5 2. Nf3 d6 3. d4 cxd4 4. Nxd4 Nf6 5. Nc3 g6 6. Be3 Bg7 7. f3 0-0 8. Qd2 Nc6 9. Bc4 Bd7 10. Bb3 Rc8 11. 0-0-0 Ne5 12. Kb1 Re8 13. g4 b5 14. h4 b4 15. Nd5 Nxd5 16. exd5 a5 17. h5 a4 18. hxg6 axb3 19. gxh7+ Kh8 20. cxb3 Qa5 21. a4 Qxd5 22. Qe2 f5 23. g5 f4 24. Bf2 Ng6 25. Qe4 Qf7 26. Rd2 e5 27. Nc2 Bf5 28. Qxb4 Rxc2 29. Rxc2 Rc8 30. Rhc1 Qd5 31. Ka1 Rxc2 32. Rxc2 Qd1+ 33. Ka2 Bxc2 34. Qb7 e4 0-1

[Event "ZN-2012-0-02129"]
[Site "LSS email"]
[Date "2012.12.06"]
[Round "?"]
[White "Newton, Daryl"]
[Black "Dequesnoy, Armand"]
[Result "0-1"]
[WhiteElo "594"]
[BlackElo "1195"]
[PlyCount "58"]
[EventDate "2012.11.30"]
[EventType "match (corr)"]
[EventRounds "2"]
[EventCountry "GER"]
[SourceTitle "Telechess CBM 165"]
[Source "ChessBase"]
[SourceDate "2015.03.11"]
[SourceVersion "1"]
[SourceVersionDate "2015.03.11"]
[SourceQuality "1"]

1. e4 c5 2. c3 Nf6 3. e5 Nd5 4. c4 Nc7 5. Be2 Nc6 6. a3 Ne6 7. Nf3 g6 8. d3 Bg7 9. b4 Nxe5 10. Bb2 Nxf3+ 11. Bxf3 Bxb2 12. Ra2 Bg7 13. b5 d5 14. cxd5 Qa5+ 15. Nd2 Nd4 16. Bg4 Bxg4 17. Qxg4 Nb3 18. Qd1 Nxd2 19. Qxd2 Bc3 20. Ke2 Bxd2 21. Rxd2 0-0-0 22. Rc1 Rxd5 23. a4 Re5+ 24. Kd1 Rd8 25. f4 Rxd3 26. Rxd3 Re1+ 27. Kc2 Re2+ 28. Kb1 Qb4+ 29. Ka1 Qb2# 0-1

[Event "OP-2012-0-02498"]
[Site "LSS email"]
[Date "2012.11.16"]
[Round "?"]
[White "Dequesnoy, Armand"]
[Black "Dlugolecki, Grzegorz"]
[Result "1/2-1/2"]
[WhiteElo "1286"]
[BlackElo "1601"]
[PlyCount "47"]
[EventDate "2012.11.12"]
[EventType "tourn (corr)"]
[EventRounds "4"]
[EventCountry "GER"]
[SourceTitle "Telechess CBM 161"]
[Source "ChessBase"]
[SourceDate "2014.07.16"]
[SourceVersion "1"]
[SourceVersionDate "2014.07.16"]
[SourceQuality "1"]

1. e4 e5 2. Nf3 Nc6 3. Bb5 a6 4. Ba4 b5 5. Bb3 Na5 6. 0-0 d6 7. d4 f6 8. Nc3 Nxb3 9. axb3 Bb7 10. Qe2 Ne7 11. dxe5 dxe5 12. Be3 Nc6 13. Rfd1 Bd6 14. Nh4 g6 15. Nf5 gxf5 16. Qh5+ Kd7 17. Qxf5+ Ke8 18. Nd5 Ne7 19. Nxf6+ Kf7 20. Qf3 Ng6 21. Nh5+ Nf4 22. Nxf4 exf4 23. Qh5+ Kg8 24. Qg4+ 1/2-1/2